| 000 | 01437nam a2200385 a 4500 | ||
|---|---|---|---|
| 003 | BLK | ||
| 005 | 20250127092744.0 | ||
| 008 | 180411b bul|||||r ||||||| ||bul|| | ||
| 010 | _aKNG00176545000 | ||
| 040 | _aBLK | ||
| 041 |
_aBUL _cBUL |
||
| 072 | 7 |
_2bullib _aК _xКраезнание |
|
| 080 |
_aГеография на България _b913(497.2) _z913(497.2) |
||
| 139 |
_aСборник Република България _bС 23 |
||
| 245 | 1 | 0 | _aСборник Република България |
| 257 | _aBGR | ||
| 260 |
_aСофия _bБълг. нар. дело _c1947 |
||
| 300 |
_a764, 150, 40 с. _bс ил. _c28 см |
||
| 380 | _a91 | ||
| 500 | _a2 000 тир. | ||
| 650 | 7 |
_aБългария - география _2 _9149509 |
|
| 653 | _aгеография | ||
| 653 | _aобласти | ||
| 653 | _aсправочници | ||
| 659 | _aК | ||
| 852 |
_aЦб 9.280.26760 _bЦб |
||
| 852 |
_aК 913(497.2)/С 23 _bК |
||
| 856 | 4 |
_qpdf _i0.00 _lreg users access _fСборник Република България _xebook _zСборник Република България _uhttp://185.138.176.146:18082/cgi-bin/koha/opac-retrieve-file.pl?id=e212505ec989a8623337857c6af5c4f6 |
|
| 942 |
_cKNG _n0 _s1 _01 |
||
| 944 |
_aCR _c11.06.2015 _k30560 _lГеновева Генчева |
||
| 944 |
_aED _c03.10.2017 _kВаля_Йорданова |
||
| 999 |
_c168628 _d168628 |
||
| 999 | _d168628 | ||
| 999 | _d168628 | ||
| 999 | _d168628 | ||